000257224 001__ 257224
000257224 005__ 20260412040123.0
000257224 0247_ $$aG:(GEPRIS)565905120$$d565905120
000257224 035__ $$aG:(GEPRIS)565905120
000257224 040__ $$aGEPRIS$$chttp://gepris.its.kfa-juelich.de
000257224 150__ $$aVergleichende Pathophysiologie der exzessiven Fgf23 Sekretion in Hyp- und CKD-Mäusen$$y2026 -
000257224 371__ $$aProfessor Dr. Jan Baumbach
000257224 371__ $$aProfessor Dr. Axel Karl Walch
000257224 450__ $$aDFG project G:(GEPRIS)565905120$$wd$$y2026 -
000257224 5101_ $$0I:(DE-588b)2007744-0$$aDeutsche Forschungsgemeinschaft$$bDFG
000257224 680__ $$a
000257224 909CO $$ooai:juser.fz-juelich.de:1056125$$pauthority:GRANT$$pauthority
000257224 909CO $$ooai:juser.fz-juelich.de:1056125
000257224 980__ $$aG
000257224 980__ $$aAUTHORITY